[Event "Benidorm Satellite preliminary"]
[Site "playchess.com #007036"]
[Date "2009.10.24"]
[Round "6"]
[White "Phlegias"]
[Black "Necromant"]
[Result "0-1"]
[WhiteElo "1935"]
[BlackElo "2457"]
[PlyCount "96"]
[EventDate "2009.10.24"]
[EventType "swiss (blitz)"]

1. e4 {[%emt 0:00:01]} c5 {[%emt 0:00:01]} 2. Nc3 {[%emt 0:00:02]} d6 {[%emt 0:
00:01]} 3. Nf3 {[%emt 0:00:03]} Nc6 {[%emt 0:00:01]} 4. d4 {[%emt 0:00:01]}
cxd4 {[%emt 0:00:01]} 5. Nxd4 {[%emt 0:00:00]} Bd7 {[%emt 0:00:01]} 6. Be3 {
[%emt 0:00:02]} Nf6 {[%emt 0:00:06]} 7. Qd2 {[%emt 0:00:02]} Ng4 {[%emt 0:00:
03]} 8. Bg5 {[%emt 0:00:15]} h6 {[%emt 0:00:01]} 9. Bh4 {[%emt 0:00:02]} g5 {
[%emt 0:00:02]} 10. Bg3 {[%emt 0:00:01]} Bg7 {[%emt 0:00:01]} 11. Nf5 {[%emt 0:
00:12]} Bxf5 {[%emt 0:00:04]} 12. exf5 {[%emt 0:00:00]} Qa5 {[%emt 0:00:31]}
13. Bd3 {[%emt 0:00:22]} Rc8 {[%emt 0:00:13]} 14. O-O {[%emt 0:00:13]} h5 {
[%emt 0:00:02]} 15. Qxg5 {[%emt 0:00:11]} Bf6 {[%emt 0:00:13]} 16. Qd2 {[%emt
0:00:09]} h4 {[%emt 0:00:05]} 17. Bf4 {[%emt 0:00:14]} Be5 {[%emt 0:00:04]} 18.
Rfe1 {[%emt 0:00:22]} Kf8 {[%emt 0:00:11]} 19. h3 {[%emt 0:00:04]} Bxf4 {[%emt
0:00:02]} 20. Qxf4 {[%emt 0:00:02]} Nf6 {[%emt 0:00:01]} 21. a3 {[%emt 0:00:17]
} Rh7 {[%emt 0:00:12]} 22. Ne4 {[%emt 0:00:04]} Qe5 {[%emt 0:00:03]} 23. Qxe5 {
[%emt 0:00:09]} Nxe5 {[%emt 0:00:06]} 24. Nxf6 {[%emt 0:00:01]} exf6 {[%emt 0:
00:00]} 25. Be4 {[%emt 0:00:01]} Ke7 {[%emt 0:00:09]} 26. Red1 {[%emt 0:00:04]}
Rhh8 {[%emt 0:00:06]} 27. Rd4 {[%emt 0:00:09]} b6 {[%emt 0:00:12]} 28. Rad1 {
[%emt 0:00:02]} Rc4 {[%emt 0:00:08]} 29. c3 {[%emt 0:00:12]} Rhc8 {[%emt 0:00:
03]} 30. Bb7 {[%emt 0:00:08]} R8c7 {[%emt 0:00:03]} 31. Ba6 {[%emt 0:00:04]}
Rxd4 {[%emt 0:00:12]} 32. Rxd4 {[%emt 0:00:01]} Rc5 {[%emt 0:00:08]} 33. Bb7 {
[%emt 0:00:05]} Nc4 {[%emt 0:00:06]} 34. b4 {[%emt 0:00:08]} Rc7 {[%emt 0:00:
01]} 35. a4 {[%emt 0:00:08]} Nb2 {[%emt 0:00:07]} 36. Bd5 {[%emt 0:00:10]} Nxa4
{[%emt 0:00:03]} 37. c4 {[%emt 0:00:02]} a5 {[%emt 0:00:04]} 38. bxa5 {[%emt 0:
00:04]} bxa5 {[%emt 0:00:01]} 39. Rxh4 {[%emt 0:00:00]} Nc5 {[%emt 0:00:03]}
40. Rh7 {[%emt 0:00:02]} Kf8 {[%emt 0:00:08]} 41. Rh8+ {[%emt 0:00:01]} Kg7 {
[%emt 0:00:04]} 42. Ra8 {[%emt 0:00:01]} a4 {[%emt 0:00:01]} 43. g4 {[%emt 0:
00:03]} Re7 {[%emt 0:00:03]} 44. Rd8 {[%emt 0:00:05]} Ra7 {[%emt 0:00:04]} 45.
Rxd6 {[%emt 0:00:02]} a3 {[%emt 0:00:01]} 46. Rb6 {[%emt 0:00:05]} a2 {[%emt 0:
00:01]} 47. Rb5 {[%emt 0:00:11]} a1=Q+ {[%emt 0:00:01]} 48. Kg2 {[%emt 0:00:00]
} Qd4 {[%emt 0:00:01] Phlegias gibt auf} 0-1

[Event "Benidorm Satellite preliminary"]
[Site "playchess.com #007036"]
[Date "2009.10.24"]
[Round "6"]
[White "Tpeter"]
[Black "Roi folichon"]
[Result "0-1"]
[WhiteElo "1182"]
[BlackElo "1560"]
[PlyCount "126"]
[EventDate "2009.10.24"]
[EventType "swiss (blitz)"]

1. Nf3 {[%emt 0:00:00]} d5 {[%emt 0:00:01]} 2. g3 {[%emt 0:00:07]} c6 {[%emt 0:
00:01]} 3. Bg2 {[%emt 0:00:01]} Bg4 {[%emt 0:00:03]} 4. b3 {[%emt 0:00:02]}
Bxf3 {[%emt 0:00:04]} 5. exf3 {[%emt 0:00:04]} e5 {[%emt 0:00:01]} 6. d3 {
[%emt 0:00:03]} Nf6 {[%emt 0:00:02]} 7. Bb2 {[%emt 0:00:01]} Bd6 {[%emt 0:00:
03]} 8. Nd2 {[%emt 0:00:05]} O-O {[%emt 0:00:01]} 9. O-O {[%emt 0:00:01]} d4 {
[%emt 0:00:03]} 10. Ne4 {[%emt 0:00:12]} Nxe4 {[%emt 0:00:02]} 11. fxe4 {[%emt
0:00:05]} f5 {[%emt 0:00:04]} 12. exf5 {[%emt 0:00:09]} Rxf5 {[%emt 0:00:01]}
13. Bc1 {[%emt 0:00:06]} Nd7 {[%emt 0:00:10]} 14. Bd2 {[%emt 0:00:08]} Qe7 {
[%emt 0:00:07]} 15. Qg4 {[%emt 0:00:07]} Raf8 {[%emt 0:00:05]} 16. f4 {[%emt 0:
00:06]} exf4 {[%emt 0:00:09]} 17. Bxf4 {[%emt 0:00:13]} Bxf4 {[%emt 0:00:01]}
18. gxf4 {[%emt 0:00:07]} Qd6 {[%emt 0:00:07]} 19. Be4 {[%emt 0:00:32]} Rxf4 {
[%emt 0:00:07]} 20. Rxf4 {[%emt 0:00:03]} Rxf4 {[%emt 0:00:03]} 21. Qh3 {[%emt
0:00:04]} h6 {[%emt 0:00:42]} 22. Rf1 {[%emt 0:00:27]} Rxf1+ {[%emt 0:00:06]}
23. Qxf1 {[%emt 0:00:03]} Nf6 {[%emt 0:00:11]} 24. Qf5 {[%emt 0:00:16]} Nxe4 {
[%emt 0:00:13]} 25. Qxe4 {[%emt 0:00:07]} Qd7 {[%emt 0:00:06]} 26. Qf4 {[%emt
0:00:20]} b6 {[%emt 0:00:05]} 27. Qb8+ {[%emt 0:00:02]} Kh7 {[%emt 0:00:04]}
28. Qf4 {[%emt 0:00:06]} c5 {[%emt 0:00:05]} 29. Qe4+ {[%emt 0:00:04]} g6 {
[%emt 0:00:01]} 30. Qf3 {[%emt 0:00:13]} Qe7 {[%emt 0:00:03]} 31. Kg2 {[%emt 0:
00:02]} Qg5+ {[%emt 0:00:03]} 32. Kf2 {[%emt 0:00:03]} Qd2+ {[%emt 0:00:06]}
33. Qe2 {[%emt 0:00:01]} Qxe2+ {[%emt 0:00:01]} 34. Kxe2 {[%emt 0:00:01]} h5 {
[%emt 0:00:01]} 35. Kf2 {[%emt 0:00:02]} g5 {[%emt 0:00:00]} 36. h3 {[%emt 0:
00:01]} Kg6 {[%emt 0:00:00]} 37. Kf3 {[%emt 0:00:01]} Kf5 {[%emt 0:00:00]} 38.
Kg3 {[%emt 0:00:03]} a5 {[%emt 0:00:04]} 39. a3 {[%emt 0:00:02]} b5 {[%emt 0:
00:00]} 40. Kf3 {[%emt 0:00:02]} h4 {[%emt 0:00:05]} 41. a4 {[%emt 0:00:04]} b4
{[%emt 0:00:06]} 42. Kg2 {[%emt 0:00:02]} Kf4 {[%emt 0:00:00]} 43. Kf2 {[%emt
0:00:01]} g4 {[%emt 0:00:01]} 44. hxg4 {[%emt 0:00:01]} Kxg4 {[%emt 0:00:01]}
45. Kg2 {[%emt 0:00:01]} h3+ {[%emt 0:00:00]} 46. Kh2 {[%emt 0:00:01]} Kf3 {
[%emt 0:00:01]} 47. Kg1 {[%emt 0:00:02]} Ke2 {[%emt 0:00:00]} 48. Kh2 {[%emt 0:
00:01]} Kd2 {[%emt 0:00:01]} 49. Kxh3 {[%emt 0:00:00]} Kxc2 {[%emt 0:00:00]}
50. Kg3 {[%emt 0:00:00]} Kxd3 {[%emt 0:00:00]} 51. Kf3 {[%emt 0:00:00]} Kc2 {
[%emt 0:00:00]} 52. Ke2 {[%emt 0:00:03]} d3+ {[%emt 0:00:00]} 53. Ke1 {[%emt 0:
00:02]} d2+ {[%emt 0:00:00]} 54. Ke2 {[%emt 0:00:01]} d1=Q+ {[%emt 0:00:00]}
55. Ke3 {[%emt 0:00:01]} Qd4+ {[%emt 0:00:02]} 56. Kf3 {[%emt 0:00:01]} Kxb3 {
[%emt 0:00:00]} 57. Ke2 {[%emt 0:00:01]} c4 {[%emt 0:00:00]} 58. Kf3 {[%emt 0:
00:01]} c3 {[%emt 0:00:00]} 59. Ke2 {[%emt 0:00:01]} c2 {[%emt 0:00:00]} 60.
Kf3 {[%emt 0:00:01]} c1=Q {[%emt 0:00:00]} 61. Ke2 {[%emt 0:00:01]} Qcc3 {
[%emt 0:00:00]} 62. Kf1 {[%emt 0:00:02]} Qdd2 {[%emt 0:00:02]} 63. Kg1 {[%emt
0:00:02]} Qcc1# {[%emt 0:00:00]} 0-1

[Event "Benidorm Satellite preliminary"]
[Site "playchess.com #007036"]
[Date "2009.10.24"]
[Round "6"]
[White "Ozmarabagi"]
[Black "Diego Hidalgo"]
[Result "1-0"]
[WhiteElo "1937"]
[BlackElo "1899"]
[PlyCount "87"]
[EventDate "2009.10.24"]
[EventType "swiss (blitz)"]

1. d4 {[%emt 0:00:00]} Nf6 {[%emt 0:00:02]} 2. c4 {[%emt 0:00:00]} g6 {[%emt 0:
00:01]} 3. Nc3 {[%emt 0:00:02]} d5 {[%emt 0:00:01]} 4. cxd5 {[%emt 0:00:02]}
Nxd5 {[%emt 0:00:01]} 5. e4 {[%emt 0:00:00]} Nxc3 {[%emt 0:00:01]} 6. bxc3 {
[%emt 0:00:00]} Bg7 {[%emt 0:00:01]} 7. Nf3 {[%emt 0:00:20]} O-O {[%emt 0:00:
02]} 8. Be2 {[%emt 0:00:03]} c5 {[%emt 0:00:01]} 9. O-O {[%emt 0:00:04]} Nc6 {
[%emt 0:00:08]} 10. Be3 {[%emt 0:00:04]} Bg4 {[%emt 0:00:11]} 11. d5 {[%emt 0:
00:10]} Bxf3 {[%emt 0:00:11]} 12. Bxf3 {[%emt 0:00:05]} Ne5 {[%emt 0:00:02]}
13. Bxc5 {[%emt 0:00:05]} Nxf3+ {[%emt 0:00:43]} 14. Qxf3 {[%emt 0:00:03]} Qc7
{[%emt 0:00:13]} 15. Bd4 {[%emt 0:00:06]} Bxd4 {[%emt 0:00:09]} 16. cxd4 {
[%emt 0:00:01]} Qc4 {[%emt 0:00:22]} 17. Qe3 {[%emt 0:00:01]} Rfd8 {[%emt 0:00:
04]} 18. h3 {[%emt 0:00:02]} Rac8 {[%emt 0:00:09]} 19. Rfc1 {[%emt 0:00:05]}
Qa4 {[%emt 0:00:03]} 20. Kh2 {[%emt 0:00:41]} a5 {[%emt 0:00:19]} 21. f3 {
[%emt 0:00:06]} b5 {[%emt 0:00:06]} 22. Qb3 {[%emt 0:00:05]} Rxc1 {[%emt 0:00:
24]} 23. Rxc1 {[%emt 0:00:19]} Qxd4 {[%emt 0:00:19]} 24. Qxb5 {[%emt 0:00:02]}
Qd2 {[%emt 0:00:02]} 25. Qc4 {[%emt 0:00:07]} Rb8 {[%emt 0:00:03]} 26. Qc3 {
[%emt 0:00:03]} Qf4+ {[%emt 0:00:04]} 27. Kh1 {[%emt 0:00:01]} h5 {[%emt 0:00:
04]} 28. Rd1 {[%emt 0:00:16] .} a4 {[%emt 0:00:02]} 29. Qd4 {[%emt 0:00:05]} a3
{[%emt 0:00:05]} 30. Qc3 {[%emt 0:00:07]} Rb2 {[%emt 0:00:02]} 31. Qxa3 {[%emt
0:00:02]} Rc2 {[%emt 0:00:03]} 32. Qb3 {[%emt 0:00:12]} Rc1 {[%emt 0:00:01]}
33. a4 {[%emt 0:00:03]} Rxd1+ {[%emt 0:00:01]} 34. Qxd1 {[%emt 0:00:02]} Qe3 {
[%emt 0:00:00]} 35. Qa1 {[%emt 0:00:03]} Qa7 {[%emt 0:00:02]} 36. a5 {[%emt 0:
00:01]} Qa6 {[%emt 0:00:01]} 37. Qa4 {[%emt 0:00:05]} Kf8 {[%emt 0:00:00]} 38.
Qb4 {[%emt 0:00:01]} Qf1+ {[%emt 0:00:02]} 39. Kh2 {[%emt 0:00:01]} Qc1 {[%emt
0:00:03]} 40. Qb8+ {[%emt 0:00:05]} Kg7 {[%emt 0:00:02]} 41. a6 {[%emt 0:00:01]
} h4 {[%emt 0:00:08]} 42. a7 {[%emt 0:00:04]} e5 {[%emt 0:00:00]} 43. Qxe5+ {
[%emt 0:00:03]} f6 {[%emt 0:00:02]} 44. Qb8 {[%emt 0:00:07] Tiempo} 1-0

[Event "Benidorm Satellite preliminary"]
[Site "playchess.com #007036"]
[Date "2009.10.24"]
[Round "6"]
[White "Kshorg"]
[Black "HaraldEtuna"]
[Result "0-1"]
[WhiteElo "1733"]
[BlackElo "2152"]
[PlyCount "96"]
[EventDate "2009.10.24"]
[EventType "swiss (blitz)"]

1. g3 {[%emt 0:00:03]} d5 {[%emt 0:00:01]} 2. Bg2 {[%emt 0:00:01]} Nc6 {[%emt
0:00:01]} 3. d3 {[%emt 0:00:01]} e5 {[%emt 0:00:01]} 4. Nd2 {[%emt 0:00:01]}
Be6 {[%emt 0:00:01]} 5. a3 {[%emt 0:00:01]} f6 {[%emt 0:00:03]} 6. b4 {[%emt 0:
00:02]} Qd7 {[%emt 0:00:01]} 7. e3 {[%emt 0:00:02]} Nd8 {[%emt 0:00:04]} 8. Bb2
{[%emt 0:00:03]} a5 {[%emt 0:00:01]} 9. bxa5 {[%emt 0:00:16]} Rxa5 {[%emt 0:00:
01]} 10. Nb3 {[%emt 0:00:01]} Ra7 {[%emt 0:00:02]} 11. Ne2 {[%emt 0:00:07]} Bd6
{[%emt 0:00:02]} 12. O-O {[%emt 0:00:10]} Ne7 {[%emt 0:00:01]} 13. f4 {[%emt 0:
00:02]} O-O {[%emt 0:00:12]} 14. fxe5 {[%emt 0:00:13]} Bxe5 {[%emt 0:00:14]}
15. Bxe5 {[%emt 0:00:10]} fxe5 {[%emt 0:00:01]} 16. Rxf8+ {[%emt 0:00:01]} Kxf8
{[%emt 0:00:00]} 17. Nc5 {[%emt 0:00:04]} Qd6 {[%emt 0:00:06]} 18. Nxe6+ {
[%emt 0:00:02]} Nxe6 {[%emt 0:00:03]} 19. Qf1+ {[%emt 0:00:10]} Kg8 {[%emt 0:
00:01]} 20. a4 {[%emt 0:00:07]} Ra8 {[%emt 0:00:02]} 21. d4 {[%emt 0:00:04]}
Rf8 {[%emt 0:00:05]} 22. Qb1 {[%emt 0:00:03]} exd4 {[%emt 0:00:38]} 23. exd4 {
[%emt 0:00:11]} Nd8 {[%emt 0:00:06]} 24. Qb3 {[%emt 0:00:07]} c6 {[%emt 0:00:
02]} 25. Rf1 {[%emt 0:00:05]} Rxf1+ {[%emt 0:00:02]} 26. Bxf1 {[%emt 0:00:01]}
Nf5 {[%emt 0:00:05]} 27. c3 {[%emt 0:00:03]} Ne3 {[%emt 0:00:04]} 28. Bh3 {
[%emt 0:00:03]} Qf6 {[%emt 0:00:08]} 29. Qb1 {[%emt 0:00:10]} Nc4 {[%emt 0:00:
06]} 30. Qd3 {[%emt 0:00:07]} Nd6 {[%emt 0:00:04]} 31. Qe3 {[%emt 0:00:04]} Ne4
{[%emt 0:00:03]} 32. Bg2 {[%emt 0:00:08]} Qf5 {[%emt 0:00:09]} 33. Nf4 {[%emt
0:00:14]} g5 {[%emt 0:00:26]} 34. Nd3 {[%emt 0:00:11]} Nf7 {[%emt 0:00:05]} 35.
Bxe4 {[%emt 0:00:11]} dxe4 {[%emt 0:00:01]} 36. Nc5 {[%emt 0:00:02]} Nd6 {
[%emt 0:00:01]} 37. a5 {[%emt 0:00:09]} h5 {[%emt 0:00:06]} 38. Nxb7 {[%emt 0:
00:06]} Nxb7 {[%emt 0:00:05]} 39. a6 {[%emt 0:00:01]} Nd6 {[%emt 0:00:44] '}
40. a7 {[%emt 0:00:09]} Qa5 {[%emt 0:00:01]} 41. Qxg5+ {[%emt 0:00:11]} Qxg5 {
[%emt 0:00:02]} 42. a8=Q+ {[%emt 0:00:01]} Kf7 {[%emt 0:00:09]} 43. Qxc6 {
[%emt 0:00:04]} Qe3+ {[%emt 0:00:02]} 44. Kf1 {[%emt 0:00:08]} Qf3+ {[%emt 0:
00:01]} 45. Ke1 {[%emt 0:00:04]} Qf6 {[%emt 0:00:01]} 46. Qd7+ {[%emt 0:00:08]}
Kg6 {[%emt 0:00:02]} 47. h4 {[%emt 0:00:08]} e3 {[%emt 0:00:01]} 48. Ke2 {
[%emt 0:00:04]} Qf2+ {[%emt 0:00:02] Kshorg abandonne} 0-1

[Event "Benidorm Satellite preliminary"]
[Site "playchess.com #007036"]
[Date "2009.10.24"]
[Round "6"]
[White "Misu2008"]
[Black "SteinerKarl"]
[Result "1-0"]
[WhiteElo "1781"]
[BlackElo "1664"]
[PlyCount "79"]
[EventDate "2009.10.24"]
[EventType "swiss (blitz)"]

1. c4 {[%emt 0:00:03]} Nf6 {[%emt 0:00:04]} 2. Nc3 {[%emt 0:00:02]} g6 {[%emt
0:00:02]} 3. g3 {[%emt 0:00:02]} Bg7 {[%emt 0:00:01]} 4. Bg2 {[%emt 0:00:01]}
O-O {[%emt 0:00:02]} 5. e3 {[%emt 0:00:01]} c6 {[%emt 0:00:03]} 6. Nge2 {[%emt
0:00:01]} d5 {[%emt 0:00:02]} 7. cxd5 {[%emt 0:00:11]} cxd5 {[%emt 0:00:02]} 8.
O-O {[%emt 0:00:03]} Nc6 {[%emt 0:00:02]} 9. Qb3 {[%emt 0:00:11]} e6 {[%emt 0:
00:31]} 10. d3 {[%emt 0:00:20]} a6 {[%emt 0:00:20]} 11. Bd2 {[%emt 0:00:11]}
Ne5 {[%emt 0:00:16]} 12. Na4 {[%emt 0:00:46]} b5 {[%emt 0:00:05]} 13. Nc5 {
[%emt 0:00:02]} Qb6 {[%emt 0:00:08]} 14. Rfc1 {[%emt 0:00:08]} Bd7 {[%emt 0:00:
21]} 15. Bc3 {[%emt 0:00:04]} Qxc5 {[%emt 0:00:23]} 16. Bxe5 {[%emt 0:00:02]}
Qb6 {[%emt 0:00:07]} 17. a4 {[%emt 0:00:24]} Rfc8 {[%emt 0:00:11]} 18. Nd4 {
[%emt 0:00:12]} Rxc1+ {[%emt 0:00:16]} 19. Rxc1 {[%emt 0:00:01]} Rc8 {[%emt 0:
00:03]} 20. Rxc8+ {[%emt 0:00:03]} Bxc8 {[%emt 0:00:02]} 21. axb5 {[%emt 0:00:
02]} a5 {[%emt 0:00:21]} 22. Qc3 {[%emt 0:00:05]} Bd7 {[%emt 0:00:04]} 23. Nc6
{[%emt 0:00:24] .} a4 {[%emt 0:00:11]} 24. Bxf6 {[%emt 0:00:02]} Bxf6 {[%emt 0:
00:04]} 25. Qxf6 {[%emt 0:00:01]} Bxc6 {[%emt 0:00:01]} 26. bxc6 {[%emt 0:00:
02]} Qxc6 {[%emt 0:00:01]} 27. Bf3 {[%emt 0:00:10]} Qc1+ {[%emt 0:00:02]} 28.
Kg2 {[%emt 0:00:01]} Qc2 {[%emt 0:00:03]} 29. Qd4 {[%emt 0:00:01]} Qb3 {[%emt
0:00:02]} 30. e4 {[%emt 0:00:04]} dxe4 {[%emt 0:00:02]} 31. Bxe4 {[%emt 0:00:
02]} f5 {[%emt 0:00:02]} 32. Bf3 {[%emt 0:00:03]} Kf7 {[%emt 0:00:02]} 33. Qd7+
{[%emt 0:00:02]} Kf6 {[%emt 0:00:02]} 34. Qd8+ {[%emt 0:00:05]} Kf7 {[%emt 0:
00:02]} 35. Qc7+ {[%emt 0:00:03]} Kf6 {[%emt 0:00:02]} 36. Qc8 {[%emt 0:00:03]}
Ke7 {[%emt 0:00:02]} 37. Bb7 {[%emt 0:00:05]} Qxb2 {[%emt 0:00:02]} 38. Qc7+ {
[%emt 0:00:01]} Kf6 {[%emt 0:00:03]} 39. Qd8+ {[%emt 0:00:05]} Kf7 {[%emt 0:00:
03]} 40. Bc8 {[%emt 0:00:01] Zeit} 1-0

[Event "Benidorm Satellite preliminary"]
[Site "playchess.com #007036"]
[Date "2009.10.24"]
[Round "6"]
[White "JS_Mastropiero"]
[Black "Remco"]
[Result "0-1"]
[WhiteElo "2088"]
[BlackElo "2298"]
[PlyCount "108"]
[EventDate "2009.10.24"]
[EventType "swiss (blitz)"]

1. d4 {[%emt 0:00:07]} d5 {[%emt 0:00:02]} 2. c4 {[%emt 0:00:03]} e6 {[%emt 0:
00:01]} 3. Nc3 {[%emt 0:00:02]} Nf6 {[%emt 0:00:01]} 4. cxd5 {[%emt 0:00:03]}
exd5 {[%emt 0:00:01]} 5. Bg5 {[%emt 0:00:02]} Be7 {[%emt 0:00:02]} 6. e3 {
[%emt 0:00:02]} O-O {[%emt 0:00:02]} 7. Qc2 {[%emt 0:00:02]} g6 {[%emt 0:00:03]
} 8. Bd3 {[%emt 0:00:03]} Na6 {[%emt 0:00:04]} 9. a3 {[%emt 0:00:06]} c5 {
[%emt 0:00:01]} 10. Bxa6 {[%emt 0:00:12]} bxa6 {[%emt 0:00:03]} 11. dxc5 {
[%emt 0:00:01]} Be6 {[%emt 0:00:16]} 12. b4 {[%emt 0:00:14]} a5 {[%emt 0:00:05]
} 13. Nf3 {[%emt 0:00:11]} axb4 {[%emt 0:00:02]} 14. axb4 {[%emt 0:00:01]} Rb8
{[%emt 0:00:10]} 15. Nd4 {[%emt 0:00:04]} Qe8 {[%emt 0:00:32]} 16. Bh6 {[%emt
0:00:11]} Rxb4 {[%emt 0:00:03]} 17. Bxf8 {[%emt 0:00:01]} Bxf8 {[%emt 0:00:05]}
18. O-O {[%emt 0:00:15]} Rc4 {[%emt 0:00:26]} 19. Nxe6 {[%emt 0:00:07]} Qxe6 {
[%emt 0:00:08]} 20. Qd3 {[%emt 0:00:06]} Bxc5 {[%emt 0:00:05]} 21. Rfd1 {[%emt
0:00:02]} d4 {[%emt 0:00:16]} 22. exd4 {[%emt 0:00:09]} Bxd4 {[%emt 0:00:11]}
23. Ne2 {[%emt 0:00:09]} Bxa1 {[%emt 0:00:06]} 24. Rxa1 {[%emt 0:00:02]} Re4 {
[%emt 0:00:15]} 25. Ng3 {[%emt 0:00:22]} Re1+ {[%emt 0:00:04]} 26. Rxe1 {[%emt
0:00:00]} Qxe1+ {[%emt 0:00:01]} 27. Nf1 {[%emt 0:00:00]} a5 {[%emt 0:00:21]}
28. g4 {[%emt 0:00:06]} h6 {[%emt 0:00:19]} 29. h4 {[%emt 0:00:07]} Qe5 {[%emt
0:00:02]} 30. Ne3 {[%emt 0:00:05]} Qf4 {[%emt 0:00:03]} 31. Qd8+ {[%emt 0:00:
06]} Kg7 {[%emt 0:00:01]} 32. Qxa5 {[%emt 0:00:03]} Nxg4 {[%emt 0:00:01]} 33.
Qa1+ {[%emt 0:00:01]} Nf6 {[%emt 0:00:04]} 34. h5 {[%emt 0:00:05]} Qg5+ {[%emt
0:00:02]} 35. Kf1 {[%emt 0:00:01]} Qxh5 {[%emt 0:00:01]} 36. Qd4 {[%emt 0:00:
03]} Qh1+ {[%emt 0:00:04]} 37. Ke2 {[%emt 0:00:01]} Qh5+ {[%emt 0:00:02]} 38.
Kd2 {[%emt 0:00:03]} Qg5 {[%emt 0:00:01]} 39. Ke2 {[%emt 0:00:01]} h5 {[%emt 0:
00:01]} 40. f4 {[%emt 0:00:03]} Qb5+ {[%emt 0:00:04]} 41. Kf3 {[%emt 0:00:01]}
Qc6+ {[%emt 0:00:01]} 42. Kg3 {[%emt 0:00:01]} Qe4 {[%emt 0:00:02]} 43. Qc3 {
[%emt 0:00:03]} h4+ {[%emt 0:00:03]} 44. Kxh4 {[%emt 0:00:03]} Qxf4+ {[%emt 0:
00:01]} 45. Kh3 {[%emt 0:00:01]} g5 {[%emt 0:00:03]} 46. Kg2 {[%emt 0:00:05]}
Qe4+ {[%emt 0:00:02]} 47. Kf2 {[%emt 0:00:01]} Kg6 {[%emt 0:00:01]} 48. Qc8 {
[%emt 0:00:05]} Qf4+ {[%emt 0:00:04]} 49. Ke2 {[%emt 0:00:03]} Qh2+ {[%emt 0:
00:01]} 50. Kd3 {[%emt 0:00:01]} Qd6+ {[%emt 0:00:01]} 51. Ke2 {[%emt 0:00:01]}
Qe6 {[%emt 0:00:01]} 52. Qc2+ {[%emt 0:00:02]} Qe4 {[%emt 0:00:02]} 53. Qc5 {
[%emt 0:00:09]} Ng4 {[%emt 0:00:08]} 54. Qc6+ {[%emt 0:00:19] .} Qxc6 {[%emt 0:
00:03] JS_Mastropiero rinde} 0-1

[Event "Benidorm Satellite preliminary"]
[Site "playchess.com #007036"]
[Date "2009.10.24"]
[Round "6"]
[White "Scottie"]
[Black "Mau13"]
[Result "1-0"]
[WhiteElo "2258"]
[BlackElo "1926"]
[PlyCount "93"]
[EventDate "2009.10.24"]
[EventType "swiss (blitz)"]

1. e4 {[%emt 0:00:01]} d6 {[%emt 0:00:01]} 2. d4 {[%emt 0:00:02]} Nf6 {[%emt 0:
00:01]} 3. f3 {[%emt 0:00:01]} g6 {[%emt 0:00:06]} 4. c4 {[%emt 0:00:01]} Bg7 {
[%emt 0:00:02]} 5. Nc3 {[%emt 0:00:00]} O-O {[%emt 0:00:01]} 6. Bg5 {[%emt 0:
00:01]} c5 {[%emt 0:00:01]} 7. d5 {[%emt 0:00:01]} a6 {[%emt 0:00:02]} 8. a4 {
[%emt 0:00:01]} Qc7 {[%emt 0:00:04]} 9. Qd2 {[%emt 0:00:01]} Nbd7 {[%emt 0:00:
03]} 10. Nge2 {[%emt 0:00:11]} b6 {[%emt 0:00:02]} 11. Nc1 {[%emt 0:00:02]} Ne5
{[%emt 0:00:04]} 12. h3 {[%emt 0:00:05]} Bb7 {[%emt 0:00:06]} 13. Be2 {[%emt 0:
00:04]} Rfe8 {[%emt 0:00:22]} 14. O-O {[%emt 0:00:02]} Ned7 {[%emt 0:00:09]}
15. f4 {[%emt 0:00:05]} Rf8 {[%emt 0:00:03]} 16. Nd3 {[%emt 0:00:04]} Qd8 {
[%emt 0:00:03]} 17. Rae1 {[%emt 0:00:03]} Ne8 {[%emt 0:00:01]} 18. f5 {[%emt 0:
00:07]} Ne5 {[%emt 0:00:02]} 19. Nxe5 {[%emt 0:00:03]} Bxe5 {[%emt 0:00:01]}
20. fxg6 {[%emt 0:00:10]} hxg6 {[%emt 0:00:02]} 21. Bh6 {[%emt 0:00:07]} Bg7 {
[%emt 0:00:01]} 22. Bg5 {[%emt 0:00:16]} Bf6 {[%emt 0:00:03]} 23. Bf4 {[%emt 0:
00:17]} Bc8 {[%emt 0:00:07]} 24. Bd3 {[%emt 0:00:03]} Bg7 {[%emt 0:00:45]} 25.
e5 {[%emt 0:00:05]} Qc7 {[%emt 0:00:13]} 26. e6 {[%emt 0:00:27]} f5 {[%emt 0:
00:02]} 27. Ne2 {[%emt 0:00:14]} b5 {[%emt 0:00:07]} 28. axb5 {[%emt 0:00:02]}
axb5 {[%emt 0:00:00]} 29. cxb5 {[%emt 0:00:00]} c4 {[%emt 0:00:13]} 30. Rc1 {
[%emt 0:00:16]} Qb6+ {[%emt 0:00:03]} 31. Be3 {[%emt 0:00:01]} Qxb5 {[%emt 0:
00:01]} 32. Bxc4 {[%emt 0:00:03]} Qa5 {[%emt 0:00:01]} 33. Nc3 {[%emt 0:00:13]}
Nf6 {[%emt 0:00:14]} 34. Bd4 {[%emt 0:00:09]} Ba6 {[%emt 0:00:08]} 35. Bxa6 {
[%emt 0:00:06]} Rxa6 {[%emt 0:00:02]} 36. Qg5 {[%emt 0:00:00]} Qb4 {[%emt 0:00:
30]} 37. Qxg6 {[%emt 0:00:18]} Qxd4+ {[%emt 0:00:06]} 38. Kh1 {[%emt 0:00:01]}
Ne4 {[%emt 0:00:06]} 39. Nxe4 {[%emt 0:00:09]} Qxe4 {[%emt 0:00:03]} 40. Rc7 {
[%emt 0:00:14]} Qe5 {[%emt 0:00:05]} 41. Rxe7 {[%emt 0:00:05]} Raa8 {[%emt 0:
00:07]} 42. Rf7 {[%emt 0:00:05]} Rae8 {[%emt 0:00:07]} 43. R1xf5 {[%emt 0:00:
01]} Qxb2 {[%emt 0:00:02]} 44. Rg5 {[%emt 0:00:03]} Qc1+ {[%emt 0:00:05]} 45.
Kh2 {[%emt 0:00:01]} Rxf7 {[%emt 0:00:04]} 46. Qxf7+ {[%emt 0:00:01]} Kh7 {
[%emt 0:00:01]} 47. Qxg7# {[%emt 0:00:00]} 1-0